| LEADER 00000nam 2200000uu 4500 |
| 001 214489 |
| 003 ULIBM |
| 008 020711s2568 th a 000 0 tha d |
| 020 ^a9786166263923 |
| 040 ^abcnkk |
| 041 ^atha^beng |
| 060 4 ^aWA105 บ452ร 2568 |
| 100 ^aบุญเตือน วัฒนกุล |
| 245 ^aระบาดวิทยา : การประยุกต์แนวคิด หลักการและวิธีการสู่การปฏิบัติการพยาบาล=^bApplication of concepts, principles and methods into nursing practices/^cบุญเตือน วัฒนกุล |
| 246 31 ^aApplication of concepts, principles and methods into nursing practices |
| 260 ^aเชียงใหม่ :^bวนิดาการพิมพ์ เชียงใหม่,^c2568. |
| 300 ^aviii,154 หน้า :^bภาพประกอบ ;^c25 ซม. |
| 650 4 ^aระบาดวิทยา |
| 650 4 ^aวิทยาการระบาด |
| 710 2 ^aสถาบันการจัดการปัญญาภิวัฒน์.^bคณะพยาบาลศาสตร์ |
| 999 ^aใช้งานได้ทุกระบบ |